[Event "35th POL-ch"]
[Site "Krakow POL"]
[Date "1978.??.??"]
[Round "11"]
[White "Witkowski, Stefan"]
[Black "Gralka, Julian"]
[Result "1/2-1/2"]
[WhiteElo "2365"]
[BlackElo "2330"]
[EventDate "1978.??.??"]
[PlyCount "60"]

1.d4 Nf6 2.c4 g6 3.Nc3 Bg7 4.e4 d6 5.Be2 O-O 6.Bg5 c5 7.d5 h6 8.Bf4 e6 9.
dxe6 Bxe6 10.Bxd6 Re8 11.Nf3 Nc6 12.O-O Nd4 13.e5 Nd7 14.Nxd4 cxd4 15.Qxd4
Nxe5 16.Bxe5 Qxd4 17.Bxd4 Bxd4 18.Rac1 Rad8 19.b3 Bxc3 20.Rxc3 Rd2 21.Bf3 
Rxa2 22.Bxb7 Rb8 23.Bc6 Ra3 24.Bb5 a6 25.Ba4 Rb4 26.Rfc1 Bxc4 27.Rxc4 Rxc4
28.bxc4 Rxa4 29.c5 Re4 30.c6 Re8 1/2-1/2

[Event "35th POL-ch"]
[Site "Krakow POL"]
[Date "1978.??.??"]
[Round "12"]
[White "Adamski, Andrzej"]
[Black "Lipski, Tadeusz"]
[Result "1-0"]
[WhiteElo "2365"]
[BlackElo "2310"]
[EventDate "1978.??.??"]
[PlyCount "75"]

1.e4 g6 2.d4 Bg7 3.Nc3 c5 4.d5 d6 5.Nf3 Nf6 6.Be2 O-O 7.O-O Bg4 8.h3 Bxf3 
9.Bxf3 Nbd7 10.Be2 a6 11.a4 b6 12.f4 Qc7 13.Qe1 c4 14.Be3 Nc5 15.Bf3 Rab8 
16.Bd4 Nfd7 17.Bxg7 Kxg7 18.Ne2 f6 19.Nd4 Rb7 20.b4 cxb3 21.cxb3 a5 22.Rc1
Qb8 23.Qg3 Qe8 24.Ne6+ Nxe6 25.dxe6 Nc5 26.e5 Ra7 27.exd6 exd6 28.f5 Qe7 
29.Rcd1 Rd8 30.Bd5 Rc7 31.Rd4 g5 32.h4 h6 33.Rfd1 Kf8 34.Bc4 Nb7 35.Ba6 
Nc5 36.Be2 gxh4 37.Qxh4 Nxb3 38.Rg4 1-0

[Event "35th POL-ch"]
[Site "Krakow POL"]
[Date "1978.??.??"]
[Round "12"]
[White "Adamski, Jan"]
[Black "Bielczyk, Jacek"]
[Result "1-0"]
[WhiteElo "2470"]
[BlackElo "2380"]
[EventDate "1978.??.??"]
[PlyCount "75"]

1.c4 d6 2.d4 Nf6 3.Nc3 Nbd7 4.e4 e5 5.Nf3 g6 6.Be2 Bg7 7.O-O O-O 8.Qc2 a5 
9.Be3 c6 10.Rfd1 Qe7 11.h3 Ne8 12.dxe5 dxe5 13.c5 Nc7 14.Na4 Kh8 15.Bc4 f5
16.Bg5 Bf6 17.Bxf6+ Rxf6 18.exf5 gxf5 19.Nb6 Nxb6 20.cxb6 Ne8 21.Nxe5 Be6 
22.Bxe6 Rxe6 23.Rd7 Qf6 24.f4 Nd6 25.Rd1 Rf8 26.Ng4 Qg6 27.Qc3+ Kg8 28.Ne5
Qh6 29.Qg3+ Kh8 30.R1xd6 Rxd6 31.Nf7+ Rxf7 32.Rxf7 Rg6 33.Qe3 Re6 34.Qd4+ 
Kg8 35.Rxb7 Qg6 36.Rc7 c5 37.Qd8+ Re8 38.Qg5 1-0

[Event "35th POL-ch"]
[Site "Krakow POL"]
[Date "1978.??.??"]
[Round "12"]
[White "Doda, Zbigniew"]
[Black "Sznapik, Aleksander"]
[Result "1/2-1/2"]
[WhiteElo "2405"]
[BlackElo "2430"]
[EventDate "1978.??.??"]
[PlyCount "43"]

1.Nf3 Nf6 2.g3 g6 3.Bg2 Bg7 4.d4 O-O 5.c4 d6 6.O-O Nc6 7.Nc3 a6 8.d5 Na5 
9.Nd2 c5 10.Qc2 Rb8 11.b3 b5 12.Bb2 e5 13.dxe6 fxe6 14.cxb5 axb5 15.Nce4 
Nxe4 16.Bxg7 Nxd2 17.Bxf8 Nxf1 18.Bh6 Nxh2 19.Kxh2 Bb7 20.Qc3 Qe7 21.b4 
Bxg2 22.Kxg2 1/2-1/2

[Event "35th POL-ch"]
[Site "Krakow POL"]
[Date "1978.??.??"]
[Round "12"]
[White "Gralka, Julian"]
[Black "Skrobek, Ryszard"]
[Result "0-1"]
[WhiteElo "2330"]
[BlackElo "2460"]
[EventDate "1978.??.??"]
[PlyCount "144"]

1.d4 Nf6 2.c4 e6 3.Nc3 Bb4 4.g3 c5 5.Nf3 b6 6.Bg2 Bb7 7.O-O Bxc3 8.bxc3 d6
9.d5 exd5 10.Nh4 O-O 11.cxd5 Nbd7 12.Nf5 Ne5 13.e4 Ba6 14.Re1 Re8 15.Bg5 
h6 16.Bf4 Kh7 17.Qd2 Ng8 18.Bxe5 dxe5 19.Rad1 g6 20.Ne3 Qd6 21.Bf1 Bxf1 
22.Rxf1 b5 23.Rb1 a6 24.Rb2 Nf6 25.Qc2 Rab8 26.Rfb1 c4 27.a4 Qc5 28.Rb4 
Nd7 29.R1b2 Rb6 30.Qb1 Reb8 31.a5 Rf6 32.Qc1 h5 33.Qd2 Qc7 34.Qe2 Re8 35.
Ra2 Nc5 36.Nxc4 bxc4 37.Rxc4 Rb8 38.Ra1 Rb5 39.Qe3 Qd6 40.Kg2 Nb3 41.Rc6 
Qd8 42.c4 Rxa5 43.Rxa5 Nxa5 44.Rxf6 Qxf6 45.Qc3 Nb7 46.c5 Qe7 47.d6 Qe8 
48.Qc4 Kg7 49.Qd5 Nd8 50.f4 exf4 51.gxf4 a5 52.Kg3 Qd7 53.h3 Nc6 54.f5 a4 
55.fxg6 fxg6 56.e5 Nd8 57.Qa8 Kf7 58.Qd5+ Qe6 59.Qe4 Qb3+ 60.Kg2 Qb2+ 61.
Kg3 Qc3+ 62.Kh2 Qxc5 63.Qf4+ Kg8 64.Qf6 Nf7 65.Qxg6+ Kf8 66.e6 Qxd6+ 67.
Kh1 Qd5+ 68.Kh2 Qe5+ 69.Kh1 Nd8 70.Qd3 Nxe6 71.Qa3+ Nc5 72.Qc1 Ke7 0-1

[Event "35th POL-ch"]
[Site "Krakow POL"]
[Date "1978.??.??"]
[Round "12"]
[White "Kuligowski, Adam"]
[Black "Sydor, Andrzej"]
[Result "1/2-1/2"]
[WhiteElo "2310"]
[BlackElo "2395"]
[EventDate "1978.??.??"]
[PlyCount "24"]

1.Nf3 d5 2.c4 e6 3.g3 dxc4 4.Bg2 Nd7 5.Qa4 Nf6 6.O-O c5 7.Qxc4 b6 8.e4 Bb7
9.Nc3 Be7 10.e5 Nd5 11.Qg4 g6 12.Nxd5 Bxd5 1/2-1/2

[Event "35th POL-ch"]
[Site "Krakow POL"]
[Date "1978.??.??"]
[Round "12"]
[White "Pinkas, Karol"]
[Black "Pytel, Krzysztof"]
[Result "1/2-1/2"]
[WhiteElo "2360"]
[BlackElo "2390"]
[EventDate "1978.??.??"]
[PlyCount "60"]

1.e4 e5 2.Nf3 Nc6 3.Bb5 a6 4.Ba4 d6 5.Bxc6+ bxc6 6.d4 exd4 7.Qxd4 Ne7 8.
Nc3 f6 9.Qc4 Bd7 10.Nd4 Qc8 11.f4 c5 12.Nf3 Be6 13.Qe2 Nc6 14.Nd5 Be7 15.
Qc4 Bd8 16.Bd2 Rb8 17.O-O-O O-O 18.g4 Nb4 19.f5 Bf7 20.Bxb4 Rxb4 21.Qd3 
Rb8 22.c4 c6 23.Ne3 Be7 24.Rhg1 Rd8 25.Qc3 Qb7 26.b3 Qb4 27.Qxb4 Rxb4 28.
Kc2 a5 29.a3 Rb7 30.a4 Rdb8 1/2-1/2

[Event "35th POL-ch"]
[Site "Krakow POL"]
[Date "1978.??.??"]
[Round "12"]
[White "Schmidt, Wlodzimierz"]
[Black "Dobrzynski, Wojciech"]
[Result "1-0"]
[WhiteElo "2505"]
[BlackElo "2315"]
[EventDate "1978.??.??"]
[PlyCount "76"]

1.Nf3 Nf6 2.c4 g6 3.g3 Bg7 4.Bg2 O-O 5.O-O d6 6.Nc3 c5 7.d4 Na6 8.d5 Nc7 
9.a4 Rb8 10.Bf4 Nh5 11.Bd2 e5 12.e4 b6 13.Ne1 a6 14.Nd3 b5 15.axb5 axb5 
16.cxb5 Nxb5 17.Nxb5 Rxb5 18.b4 f5 19.bxc5 dxc5 20.Qa4 Bd7 21.Qc4 Qb6 22.
Rfc1 Rc8 23.Be3 f4 24.Bxc5 Qd8 25.Rab1 Qe8 26.Rd1 Kh8 27.Rxb5 Bxb5 28.Qb4 
Bxd3 29.Rxd3 Rb8 30.Qe1 Qb5 31.Rc3 Qa4 32.Bd6 Ra8 33.Ra3 Qxa3 34.Bxa3 Rxa3
35.Qc1 Ra8 36.Bf3 Nf6 37.gxf4 exf4 38.e5 Ng8 1-0

[Event "35th POL-ch"]
[Site "Krakow POL"]
[Date "1978.??.??"]
[Round "12"]
[White "Swic, Waldemar"]
[Black "Witkowski, Stefan"]
[Result "1/2-1/2"]
[WhiteElo "2275"]
[BlackElo "2365"]
[EventDate "1978.??.??"]
[PlyCount "85"]

1.e4 c5 2.Nf3 Nc6 3.d4 cxd4 4.Nxd4 Nf6 5.Nc3 e6 6.Ndb5 Bb4 7.Bf4 Nxe4 8.
Qf3 d5 9.Nc7+ Kf8 10.O-O-O Bxc3 11.bxc3 Rb8 12.Nxd5 exd5 13.Qxe4 dxe4 14.
Rxd8+ Nxd8 15.Bxb8 a6 16.Bc4 Be6 17.Bb3 Ke7 18.Re1 f5 19.f3 exf3 20.gxf3 
Re8 21.Bf4 Kf7 22.Rd1 Bxb3 23.cxb3 Ne6 24.Rd7+ Re7 25.Rxe7+ Kxe7 26.Bd2 f4
27.Kd1 Kf6 28.Ke2 Ke5 29.Be1 h5 30.Bf2 g5 31.h3 Kf5 32.c4 g4 33.hxg4+ hxg4
34.fxg4+ Kxg4 35.b4 Kf5 36.Kd3 Ng5 37.a4 Ne4 38.Bb6 f3 39.b5 f2 40.Ke2 
f1=Q+ 41.Kxf1 Nd2+ 42.Ke2 Nxc4 43.bxa6 1/2-1/2

[Event "35th POL-ch"]
[Site "Krakow POL"]
[Date "1978.??.??"]
[Round "13"]
[White "Bielczyk, Jacek"]
[Black "Doda, Zbigniew"]
[Result "1-0"]
[WhiteElo "2380"]
[BlackElo "2405"]
[EventDate "1978.??.??"]
[PlyCount "75"]

1.e4 Nf6 2.e5 Nd5 3.d4 d6 4.Nf3 Nb6 5.a4 a5 
    ( 5...Bg4 6.a5 N6d7 7.h3 Bh5 8.g4 Bg6 9.e6 $16 )
6.Nc3 Bg4 $6 
    ( 6...g6 $1 )
7.h3 Bh5 8.d5 $1 
    ( 8.g4 Bg6 9.e6 fxe6 10.Ng5 $16 {ECO} )
8...Bxf3 9.Qxf3 dxe5 10.Be3 N6d7 11.g4 $1 g6 12.h4 h5 13.gxh5 Rxh5 14.
O-O-O Nf6 15.Qg3 Nbd7 16.Kb1 Rh8 17.Bg5 Bg7 18.Be2 Kf8 19.h5 $1 Nxh5 20.
Bxh5 gxh5 21.Rdg1 Ra6 
    ( 21...f6 22.Bxf6 $1 Bxf6 23.Rxh5 $18 )
22.Bxe7+ Kxe7 23.Qxg7 Qf8 24.Qg5+ Ke8 25.Nb5 f6 26.Qf5 Kd8 27.Rxh5 Rxh5 
28.Qxh5 f5 29.d6 $1 Rxd6 
    ( 29...cxd6 30.Qh7 {/\ Rg8} )
30.Nxd6 cxd6 31.Qh7 Kc7 32.Rg7 Qe8 33.Qxf5 Kc6 34.Qd3 b6 35.Qc4+ Kb7 36.
Rg8 Nf8 37.Qe4+ Kc7 38.Qf3 1-0

[Event "35th POL-ch"]
[Site "Krakow POL"]
[Date "1978.??.??"]
[Round "13"]
[White "Dobrzynski, Wojciech"]
[Black "Pokojowczyk, Jerzy"]
[Result "0-1"]
[WhiteElo "2315"]
[BlackElo "2385"]
[EventDate "1978.??.??"]
[PlyCount "42"]

1.Nf3 Nf6 2.d4 b6 3.g3 Bb7 4.Bg2 c5 5.c3 e6 6.O-O Be7 7.a4 Nc6 8.Na3 O-O 
9.Nc4 d6 10.Re1 cxd4 11.Nxd4 Rc8 12.Bg5 Na5 $1 13.Nxa5 Bxg2 14.Kxg2 bxa5 
15.Qd3 
    ( 15.e4 $5 )
15...Rc5 16.Bd2 Qd7 17.f3 d5 18.Qa6 $2 Rb8 19.Nb5 Rb7 20.Qxa5 Rc4 $1 21.
Na3 Rxa4 0-1

[Event "35th POL-ch"]
[Site "Krakow POL"]
[Date "1978.??.??"]
[Round "13"]
[White "Kruszynski, Wlodzimierz"]
[Black "Adamski, Andrzej"]
[Result "1/2-1/2"]
[WhiteElo "2265"]
[BlackElo "2365"]
[EventDate "1978.??.??"]
[PlyCount "136"]

1.e4 g6 2.d4 Bg7 3.Nc3 d6 4.Nf3 Nf6 5.Be2 O-O 6.O-O c6 7.a4 Qc7 8.Bf4 Nh5 
9.Bg5 h6 10.Be3 e5 11.Qd2 Kh7 12.h3 a5 13.Rad1 Re8 14.Bc4 Bf8 15.Nh2 Na6 
16.Be2 Nf6 17.dxe5 dxe5 18.f4 Nc5 19.Bd3 Be6 20.f5 gxf5 21.exf5 Bd5 22.Qf2
Nxd3 23.cxd3 Bg7 24.Qh4 Rg8 25.Ne4 Bxe4 26.dxe4 Rad8 27.Bg5 Rxd1 28.Rxd1 
Rd8 29.Rf1 Rd6 30.Bxf6 Bxf6 31.Qh5 Qe7 32.Ng4 Qf8 33.Rf3 Qg7 34.Nxf6+ Rxf6
35.Rb3 b5 36.axb5 cxb5 37.Rxb5 Qg3 38.Rb7 Qe3+ 39.Kh1 Qc1+ 40.Kh2 Qf4+ 41.
Kg1 Qe3+ 42.Kf1 Qf4+ 43.Qf3 Qc1+ 44.Kf2 Qc6 45.Qb3 Kg7 46.Rb8 Rd6 47.Qg3+ 
Kf6 48.Qh4+ Kg7 49.Kg1 Qc1+ 50.Kh2 Qf4+ 51.Qxf4 exf4 52.Kg1 Rd4 53.e5 Rd5 
54.Re8 Rb5 55.Re7 Kg8 56.f6 Rxb2 57.Ra7 Re2 58.Rxa5 Kh7 59.Kf1 Re3 60.Kf2 
h5 61.Ra7 Rxe5 62.Rxf7+ Kg6 63.Rf8 Re3 64.f7 Ra3 65.Rh8 Kxf7 66.Rxh5 Kg6 
67.Rd5 Rb3 68.Ke2 Re3+ 1/2-1/2

[Event "35th POL-ch"]
[Site "Krakow POL"]
[Date "1978.??.??"]
[Round "13"]
[White "Lipski, Tadeusz"]
[Black "Pinkas, Karol"]
[Result "1/2-1/2"]
[WhiteElo "2310"]
[BlackElo "2360"]
[EventDate "1978.??.??"]
[PlyCount "180"]

1.d4 e6 2.Nf3 Nf6 3.Bf4 c5 4.c3 b6 5.e3 Bb7 6.Nbd2 Be7 7.h3 O-O 8.Be2 d6 
9.O-O Nbd7 10.Qc2 Qc7 11.Bh2 Rfe8 12.Bd3 e5 13.dxe5 Nxe5 14.Nxe5 dxe5 15.
c4 Rad8 16.Ne4 g6 17.Rad1 Nd7 18.Nc3 f5 19.Nd5 Bxd5 20.cxd5 Bd6 21.Bb5 e4 
22.Bxd6 Qxd6 23.Qa4 a5 24.Bc6 Re7 25.Qb5 Rg7 26.Bxd7 Rgxd7 27.Rd2 Rc7 28.
b3 h5 29.Qc4 Rb8 30.a4 Re7 31.Rc1 h4 32.Qb5 Ra8 33.Qe2 Rae8 34.Kh1 Kg7 35.
Rg1 Re5 36.Rgd1 Rd8 37.Qc4 g5 38.Qe2 Kg6 39.f4 exf3 40.Qxf3 Re4 41.Rd3 
Rde8 42.Qf2 R8e5 43.Kg1 Kf6 44.Qf3 Kg6 45.Qf2 Kg7 46.Qf3 Kh6 47.Qf2 Kg6 
48.Kh1 Kf6 49.Kg1 Ke7 50.Kh1 Kd8 51.Kg1 Kc7 52.Kh1 Kb7 53.Kg1 Rb4 54.Kh1 
Ka6 55.Kg1 Ka7 56.Kh1 c4 57.bxc4 Rxc4 58.Rd4 Rxd4 59.exd4 Qxd5 60.Qd2 Re4 
61.Qxg5 Re2 62.Qg7+ Ka6 63.Rb1 Qe4 64.Rg1 Qc6 65.Qf8 Rd2 66.Qxf5 Rxd4 67.
Qf1+ Qc4 68.Qf3 Re4 69.Ra1 Qe6 70.Qd3+ Ka7 71.Qc3 Qe7 72.Qd2 Re2 73.Qd5 
Re5 74.Qd4 Re6 75.Rf1 Re4 76.Qd5 Re1 77.Rxe1 Qxe1+ 78.Kh2 Qe7 79.Qd4 Kb7 
80.g4 Qe2+ 81.Kg1 Qe1+ 82.Kg2 Qg3+ 83.Kf1 Qxh3+ 84.Kg1 Qg3+ 85.Kf1 Qf3+ 
86.Kg1 Kc6 87.Qc4+ Kd6 88.Qd4+ Kc6 89.Qc4+ Kd6 90.Qd4+ Kc7 1/2-1/2

[Event "35th POL-ch"]
[Site "Krakow POL"]
[Date "1978.??.??"]
[Round "13"]
[White "Pytel, Krzysztof"]
[Black "Gralka, Julian"]
[Result "1-0"]
[WhiteElo "2390"]
[BlackElo "2330"]
[EventDate "1978.??.??"]
[PlyCount "63"]

1.c4 g6 2.d4 Nf6 3.Nc3 Bg7 4.e4 d6 5.f4 O-O 6.Nf3 c5 7.d5 b5 8.cxb5 a6 9.
a4 axb5 10.Bxb5 Na6 11.O-O Nb4 12.e5 Ne8 13.Bc4 $1 Nc7 14.Be3 Bb7 15.Qd2 
Ra5 $2 
    ( 15...dxe5 )
16.Rad1 Qa8 17.exd6 
    ( 17.Bf2 Rd8 18.Bh4 dxe5 19.Bxe7 Re8 20.d6 )
17...exd6 18.f5 Bc8 $1 19.fxg6 hxg6 20.Bh6 Bf5 21.Nh4 Bc2 22.Rc1 Qd8 23.
Bg5 $1 f6 24.Bh6 g5 25.Bxg7 Kxg7 26.Nf5+ Bxf5 27.Rxf5 Rh8 28.Rcf1 Rh4 29.
b3 Qe7 30.Re1 Qd8 31.Ne4 Qh8 32.Rxf6 
    {[Pytel]}
1-0

[Event "35th POL-ch"]
[Site "Krakow POL"]
[Date "1978.??.??"]
[Round "13"]
[White "Skrobek, Ryszard"]
[Black "Swic, Waldemar"]
[Result "1/2-1/2"]
[WhiteElo "2460"]
[BlackElo "2275"]
[EventDate "1978.??.??"]
[PlyCount "23"]

1.e4 g6 2.d4 Bg7 3.Nc3 d6 4.f4 Nf6 5.Nf3 O-O 6.Bd3 Na6 7.e5 dxe5 8.dxe5 
Nd5 9.Bd2 Nb6 10.a3 f6 11.exf6 exf6 12.h3 1/2-1/2

[Event "35th POL-ch"]
[Site "Krakow POL"]
[Date "1978.??.??"]
[Round "13"]
[White "Sydor, Andrzej"]
[Black "Schmidt, Wlodzimierz"]
[Result "1/2-1/2"]
[WhiteElo "2395"]
[BlackElo "2505"]
[EventDate "1978.??.??"]
[PlyCount "31"]

1.d4 Nf6 2.Nf3 g6 3.g3 Bg7 4.Bg2 O-O 5.O-O d5 6.c4 dxc4 7.Na3 c3 8.bxc3 c5
9.Ne5 Nd5 10.Bd2 Nc6 11.Nxc6 bxc6 12.Rc1 cxd4 13.cxd4 Bxd4 14.Bh6 Bg7 15.
Bxg7 Kxg7 16.Rxc6 1/2-1/2

[Event "35th POL-ch"]
[Site "Krakow POL"]
[Date "1978.??.??"]
[Round "13"]
[White "Sznapik, Aleksander"]
[Black "Kuligowski, Adam"]
[Result "0-1"]
[WhiteElo "2430"]
[BlackElo "2310"]
[EventDate "1978.??.??"]
[PlyCount "164"]

1.e4 c5 2.Nf3 d6 3.d4 cxd4 4.Nxd4 Nf6 5.Nc3 a6 6.Be2 e5 7.Nb3 Be7 8.O-O 
Be6 9.a4 Nbd7 10.f4 Qc7 11.Kh1 O-O 12.Be3 exf4 13.Rxf4 Ne5 14.Nd4 Rad8 15.
Qg1 Rd7 16.Nf5 Bd8 17.Rd1 Re8 18.Qf2 d5 19.Nxd5 Nxd5 20.exd5 Rxd5 21.Rf1 
Ng6 22.Re4 Re5 23.Bd3 Bxf5 24.Qxf5 Rxe4 25.Bxe4 Re5 26.Qf3 Nh4 27.Bb6 Nxf3
28.Bxc7 Rxe4 29.Bxd8 Nd4 30.c3 Nc6 31.Bc7 Rxa4 32.Re1 h6 33.Kg1 Ra2 34.Re2
f6 35.Kf2 Kf7 36.Ke3 Ra1 37.Kd3 Rd1+ 38.Kc4 Rd7 39.Bb6 Ne5+ 40.Kb3 Nc6 41.
Bc5 Ne5 42.Bd4 Nc6 43.Bc5 Nd8 44.Kc2 Ne6 45.Be3 h5 46.g3 Rd5 47.Ba7 Nf8 
48.c4 Rd7 49.Bf2 Ne6 50.Kc3 Ng5 51.h4 Nf3 52.b4 Ne5 53.Bd4 Ke6 54.Re4 Rd8 
55.Rf4 Rc8 56.Bc5 Rd8 57.Bd4 Nc6 58.Re4+ Kf7 59.Bb6 Re8 60.Rf4 Re5 61.Bc5 
a5 62.Rf3 axb4+ 63.Bxb4 Re4 64.Bd6 Ke6 65.Bc7 Ne5 66.Bxe5 Kxe5 67.Kb4 Kd4 
68.Rf5 Re5 69.Rf1 Re2 70.Rd1+ Ke4 71.Rd7 g5 72.hxg5 fxg5 73.Rd5 g4 74.Rxh5
Kf3 75.Rh7 Rb2+ 76.Kc3 Rb1 77.Rh6 Rc1+ 78.Kd4 Rd1+ 79.Ke5 Rd7 80.Rb6 Kxg3 
81.Rb3+ Kh2 82.Rb2+ Kh3 0-1

[Event "35th POL-ch"]
[Site "Krakow POL"]
[Date "1978.??.??"]
[Round "13"]
[White "Witkowski, Stefan"]
[Black "Adamski, Jan"]
[Result "1/2-1/2"]
[WhiteElo "2365"]
[BlackElo "2470"]
[EventDate "1978.??.??"]
[PlyCount "81"]

1.d4 Nf6 2.c4 e6 3.Nf3 b6 4.g3 Ba6 5.Qa4 c5 6.Bg2 Bb7 7.O-O cxd4 8.Nxd4 
Bxg2 9.Kxg2 Qc8 10.Nc3 Bc5 11.Rd1 O-O 12.f3 Qb7 13.Bg5 Ng4 14.Ne4 f6 15.
Bc1 Be7 16.Nb5 Ne5 17.Bf4 Nbc6 18.Nd4 Nf7 19.Nxc6 dxc6 20.Nd6 Bxd6 21.Bxd6
Rfd8 22.Bb4 Ne5 23.Bc3 b5 24.Rxd8+ Rxd8 25.Qa5 Rd7 26.cxb5 cxb5 27.a4 a6 
28.axb5 axb5 29.Qa8+ Kf7 30.Qxb7 Rxb7 31.Bxe5 fxe5 32.b4 Kf6 33.Kf2 Rd7 
34.Ra5 Rd5 35.e4 Rd2+ 36.Kg1 Rd1+ 37.Kg2 Rd2+ 38.Kg1 Rd1+ 39.Kg2 Rd2+ 40.
Kh3 Rf2 41.Rxb5 1/2-1/2

[Event "35th POL-ch"]
[Site "Krakow POL"]
[Date "1978.??.??"]
[Round "14"]
[White "Adamski, Andrzej"]
[Black "Pinkas, Karol"]
[Result "1/2-1/2"]
[WhiteElo "2365"]
[BlackElo "2360"]
[EventDate "1978.??.??"]
[PlyCount "149"]

1.e4 e6 2.d4 d5 3.Nc3 Bb4 4.Ne2 dxe4 5.a3 Be7 6.Nxe4 Nf6 7.Nxf6+ Bxf6 8.
Be3 O-O 9.Ng3 Nd7 10.Be2 b6 11.Bf3 Rb8 12.O-O c5 13.Ne4 Bxd4 14.Bxd4 cxd4 
15.Qxd4 Qc7 16.Qc3 Qxc3 17.Nxc3 Ba6 18.Rfe1 Rfd8 19.Rad1 Nf6 20.a4 Kf8 21.
Nb5 Bxb5 22.axb5 Rxd1 23.Rxd1 Rc8 24.c3 Ke7 25.Kf1 Nd7 26.Ra1 Rc7 27.Ke1 
Nc5 28.b4 Nd7 29.Kd2 Kd8 30.Bc6 Nf6 31.c4 Ng8 32.Kc3 Ne7 33.f4 Kc8 34.Kb3 
h5 35.g3 Kb8 36.Be4 Rd7 37.Kc3 Nc8 38.Bd3 Rc7 39.Be4 Ne7 40.Rd1 Kc8 41.Bf3
g6 42.Be4 Rd7 43.Ra1 Nf5 44.Bxf5 gxf5 45.c5 Kb8 46.Ra6 bxc5 47.bxc5 Rd5 
48.Kc4 Rd2 49.h4 Rc2+ 50.Kd4 Rg2 51.Ra3 Re2 52.c6 Re1 53.Kc5 Rd1 54.c7+ 
Kb7 55.c8=Q+ Kxc8 56.Rxa7 Rd3 57.Rxf7 Rxg3 58.Rh7 Rf3 59.Kc6 Rc3+ 60.Kb6 
Rc4 61.Rxh5 Rxf4 62.Rh7 e5 63.h5 e4 64.Kc6 Kd8 65.Rd7+ Ke8 66.Rd5 e3 67.
Re5+ Kd8 68.Rxe3 Rc4+ 69.Kd6 Rd4+ 70.Kc5 Rh4 71.b6 Kc8 72.Kc6 Rc4+ 73.Kb5 
Rh4 74.h6 Rxh6 75.Ka6 1/2-1/2

[Event "35th POL-ch"]
[Site "Krakow POL"]
[Date "1978.??.??"]
[Round "14"]
[White "Adamski, Jan"]
[Black "Skrobek, Ryszard"]
[Result "1-0"]
[WhiteElo "2470"]
[BlackElo "2460"]
[EventDate "1978.??.??"]
[PlyCount "53"]

1.Nf3 d5 2.c4 c6 3.e3 Nf6 4.Nc3 g6 5.d4 Bg7 6.Be2 O-O 7.O-O Bg4 8.cxd5 
Nxd5 9.Qb3 Nb6 10.Rd1 N8d7 11.e4 Bxf3 12.Bxf3 e5 13.d5 cxd5 14.Nxd5 Qh4 
15.Be3 Rfd8 16.g3 Qh3 17.Nc7 Rab8 18.Nb5 Qe6 19.Qxe6 fxe6 20.Rac1 a6 21.
Nc7 Bf6 22.Bg4 Kf7 23.Nxe6 Rdc8 24.Nc7 Rd8 25.Rd6 Be7 26.Rxb6 Nxb6 27.Bxb6
1-0

[Event "35th POL-ch"]
[Site "Krakow POL"]
[Date "1978.??.??"]
[Round "14"]
[White "Doda, Zbigniew"]
[Black "Witkowski, Stefan"]
[Result "1-0"]
[WhiteElo "2405"]
[BlackElo "2365"]
[EventDate "1978.??.??"]
[PlyCount "79"]

1.Nf3 Nf6 2.g3 d5 3.Bg2 c5 4.O-O Nc6 5.d3 e5 6.Bg5 Be7 7.Nfd2 O-O 8.Nc3 
Be6 9.e4 dxe4 10.Bxf6 Bxf6 11.dxe4 Bg5 12.Nd5 Bxd2 13.Qxd2 Rc8 14.Rfe1 f6 
15.c3 Rf7 16.Qe2 Rd7 17.Red1 Rb8 18.Rd2 Bxd5 19.exd5 Ne7 20.Qc4 b5 21.Qxc5
Qb6 22.Qb4 a5 23.Qh4 Rbd8 24.Rad1 Qc5 25.Bh3 f5 26.d6 Ng6 27.Qg5 Rxd6 28.
Rxd6 Rxd6 29.Rxd6 Qxd6 30.Qxf5 Qd1+ 31.Bf1 Qe1 32.Qe6+ Kf8 33.Qc8+ Ke7 34.
Qc7+ Kf6 35.Qb6+ Ke7 36.Qxb5 e4 37.Qxa5 Kf6 38.Qb6+ Kf5 39.Qe3 Qb1 40.f3 
1-0

[Event "35th POL-ch"]
[Site "Krakow POL"]
[Date "1978.??.??"]
[Round "14"]
[White "Gralka, Julian"]
[Black "Lipski, Tadeusz"]
[Result "1/2-1/2"]
[WhiteElo "2330"]
[BlackElo "2310"]
[EventDate "1978.??.??"]
[PlyCount "79"]

1.c4 Nf6 2.Nc3 d5 3.cxd5 Nxd5 4.g3 e5 5.Bg2 Nb6 6.Nf3 Nc6 7.O-O Be7 8.d3 
O-O 9.Be3 Bg4 10.a4 a5 11.Rc1 Kh8 12.Nb5 Nd5 13.Bc5 Ndb4 14.Bxe7 Qxe7 15.
Qb3 Be6 16.Qa3 f5 17.Nd2 Qf7 18.f4 exf4 19.Rxf4 Rad8 20.Rf2 Qd7 21.Nc4 
Bxc4 22.Rxc4 Rf7 23.Qc3 Nd5 24.Bxd5 Qxd5 25.Rc5 Qe6 26.Qc4 Qd7 27.Nc3 Rdf8
28.Rd5 Qe6 29.Rb5 Qxc4 30.dxc4 b6 31.Rd5 Nb4 32.Re5 Na6 33.e4 g6 34.exf5 
Nc5 35.Rfe2 gxf5 36.Re8 Rxe8 37.Rxe8+ Kg7 38.Re2 Kg6 39.Rd2 f4 40.Rd4 
1/2-1/2

[Event "35th POL-ch"]
[Site "Krakow POL"]
[Date "1978.??.??"]
[Round "14"]
[White "Kruszynski, Wlodzimierz"]
[Black "Dobrzynski, Wojciech"]
[Result "1/2-1/2"]
[WhiteElo "2265"]
[BlackElo "2315"]
[EventDate "1978.??.??"]
[PlyCount "96"]

1.e4 e5 2.Nf3 Nc6 3.Bb5 a6 4.Ba4 Nf6 5.O-O Be7 6.Re1 b5 7.Bb3 d6 8.c3 O-O 
9.h3 Bb7 10.d4 h6 11.Nbd2 Re8 12.Nf1 Bf8 13.Ng3 Na5 14.Bc2 Nc4 15.b3 Nb6 
16.Bd2 g6 17.Bd3 c6 18.a4 Bg7 19.a5 Nbd7 20.b4 Rc8 21.Rc1 Nf8 22.Be3 N6d7 
23.Qd2 Kh7 24.Bb1 Qe7 25.Rcd1 Rcd8 26.Ba2 c5 27.d5 c4 28.Bb1 Nf6 29.Bb6 
Ra8 30.Re2 Ng8 31.Rf1 Kh8 32.Nh2 h5 33.Ree1 Nh7 34.Be3 h4 35.Ne2 g5 36.Nf3
f6 37.g3 Bc8 38.Kg2 hxg3 39.fxg3 Nh6 40.Rh1 Kg8 41.Ref1 Nf7 42.Nh2 Rb8 43.
Bc2 g4 44.h4 Qf8 45.Rf2 Bh6 46.Nf1 Rb7 47.Bd1 Qg7 48.Bxh6 Nxh6 1/2-1/2

[Event "35th POL-ch"]
[Site "Krakow POL"]
[Date "1978.??.??"]
[Round "14"]
[White "Kuligowski, Adam"]
[Black "Bielczyk, Jacek"]
[Result "1-0"]
[WhiteElo "2310"]
[BlackElo "2380"]
[EventDate "1978.??.??"]
[PlyCount "101"]

1.Nf3 Nf6 2.c4 d6 3.g3 g6 4.Bg2 Bg7 5.O-O O-O 6.Nc3 e5 7.d4 Nbd7 8.e4 c6 
9.h3 Qb6 10.d5 Nc5 11.Qe2 a5 12.Be3 cxd5 13.cxd5 Bd7 14.Rfc1 Rfc8 15.Nd2 
Qd8 16.a4 Nxa4 17.Nb5 Rxc1+ 18.Rxc1 Ne8 19.b3 Nc5 20.Bf1 b6 21.Rb1 f5 22.
Qc4 Qf6 23.exf5 gxf5 24.Kh2 Bh6 25.Qc3 Bxe3 26.Qxe3 Ng7 27.Nc3 Kh8 28.b4 
f4 29.gxf4 Nf5 30.fxe5 Qg7 31.Qf4 axb4 32.Nce4 Rg8 33.Nf3 dxe5 34.Qxe5 
Qxe5+ 35.Nxe5 Nxe4 36.Rxb4 Nc5 37.Rxb6 Nd4 38.Kh1 Nf5 39.Bg2 Re8 40.f4 Ne3
41.Bf3 Rg8 42.d6 $1 Be6 $2 
    ( 42...Bf5 $142 )
    ( 42...Nf1 {/\ B:h3} )
43.Rb5 $1 Nb3 $2 
    ( 43...Nd7 )
44.Bg4 $1 Nd4 45.Rb4 Ndf5 46.d7 $1 h5 47.Bxf5 Nxf5 $6 48.Rb6 Bd5+ 49.Kh2 
Ra8 50.Rf6 Be4 51.Rf8+ 1-0

[Event "35th POL-ch"]
[Site "Krakow POL"]
[Date "1978.??.??"]
[Round "14"]
[White "Pokojowczyk, Jerzy"]
[Black "Sydor, Andrzej"]
[Result "0-1"]
[WhiteElo "2385"]
[BlackElo "2395"]
[EventDate "1978.??.??"]
[PlyCount "78"]

1.e4 e5 2.Nf3 Nc6 3.Bb5 a6 4.Bxc6 dxc6 5.O-O Bd6 6.d4 exd4 7.Qxd4 f6 8.Rd1
Be6 9.Be3 c5 10.Qd3 Ne7 11.Nbd2 Nc6 12.Nc4 Be7 13.Qc3 Qc8 14.a4 O-O 15.a5 
Qe8 16.Ncd2 Qh5 17.Nf1 c4 18.Ng3 Qb5 19.Nd4 Nxd4 20.Bxd4 Bb4 21.Qf3 Bxa5 
22.h4 Bb6 23.Bc3 Rad8 24.Nh5 Qe8 25.Nf4 c6 26.h5 h6 27.Ng6 Rf7 28.Rxd8 
Bxd8 29.Qg3 Bc7 30.Qh4 Rd7 31.Re1 Qd8 32.f4 Rd1 33.e5 Rxe1+ 34.Qxe1 fxe5 
35.Nxe5 Bf5 36.Qe2 Bb6+ 37.Kf1 Qh4 38.Qxc4+ Kh7 39.Be1 Qxh5 0-1

[Event "35th POL-ch"]
[Site "Krakow POL"]
[Date "1978.??.??"]
[Round "14"]
[White "Schmidt, Wlodzimierz"]
[Black "Sznapik, Aleksander"]
[Result "1/2-1/2"]
[WhiteElo "2505"]
[BlackElo "2430"]
[EventDate "1978.??.??"]
[PlyCount "33"]

1.Nf3 Nf6 2.c4 g6 3.Nc3 Bg7 4.d4 O-O 5.e4 d6 6.Be2 b6 7.O-O Bb7 8.Qc2 e6 
9.Rd1 Qe7 10.Rb1 c5 11.e5 Ne8 12.Bg5 f6 13.exf6 Bxf6 14.Qd2 Nd7 15.Qe3 Ng7
16.Bxf6 Nxf6 17.dxc5 1/2-1/2

[Event "35th POL-ch"]
[Site "Krakow POL"]
[Date "1978.??.??"]
[Round "14"]
[White "Swic, Waldemar"]
[Black "Pytel, Krzysztof"]
[Result "1/2-1/2"]
[WhiteElo "2275"]
[BlackElo "2390"]
[EventDate "1978.??.??"]
[PlyCount "35"]

1.e4 e5 2.Nf3 Nc6 3.Bb5 a6 4.Ba4 d6 5.O-O Bd7 6.c3 Nf6 7.d4 Be7 8.Re1 O-O 
9.Nbd2 exd4 10.cxd4 Nb4 11.Bxd7 Nxd7 12.Nf1 d5 13.e5 c5 14.a3 Nc6 15.Ne3 
cxd4 16.Nxd5 Nc5 17.Nf4 a5 18.Nd3 1/2-1/2

[Event "35th POL-ch"]
[Site "Krakow POL"]
[Date "1978.??.??"]
[Round "15"]
[White "Bielczyk, Jacek"]
[Black "Schmidt, Wlodzimierz"]
[Result "1/2-1/2"]
[WhiteElo "2380"]
[BlackElo "2505"]
[EventDate "1978.??.??"]
[PlyCount "68"]

1.e4 c5 2.Nf3 e6 3.d4 cxd4 4.Nxd4 Nc6 5.Nc3 a6 6.Be2 d6 7.O-O Nf6 8.Be3 
Be7 9.f4 O-O 10.Qe1 Bd7 11.Qg3 Nxd4 12.Bxd4 Bc6 13.Rae1 b5 14.a3 Qd7 15.
Bd3 a5 16.Rf3 b4 17.Nd5 $5 exd5 18.exd5 Bxd5 19.Bxh7+ $1 Kxh7 20.Qh4+ Kg8 
21.Rxe7 $1 Qg4 
    ( 21...Qxe7 22.Rh3 )
22.Qxg4 Nxg4 23.Rg3 Be6 24.h3 Rfc8 25.hxg4 Rxc2 26.f5 Bd5 27.g5 Rc1+ 28.
Kh2 Rf1 29.g6 Rxf5 30.gxf7+ Rxf7 31.Rxg7+ Rxg7 32.Rxg7+ Kf8 33.axb4 axb4 
34.Rd7 Ra6 1/2-1/2